| 000 | 00961nam a2200289 i 4500 | ||
|---|---|---|---|
| 003 | DO-SdBNP | ||
| 005 | 20260406093720.0 | ||
| 007 | ta | ||
| 008 | 260216b2011 dr ||||| |||| 00| f spa d | ||
| 040 |
_aDO-SdBNP _bspa _cBNPHU _erda |
||
| 041 | _aspa | ||
| 082 | 4 |
_aRD863.44 _bN714u 2011 _222 |
|
| 100 | 1 |
_aNina T., Ramón _eautor _4aut. _929503 |
|
| 245 | 1 | 3 |
_aEl último sueño de Dionicio Patrón / _cRamón Nina T. |
| 250 | _aSegunda edición | ||
| 264 | 4 |
_aSanto Domingo : _bImpreso Quijano, S. A. de C. V., _c2011 |
|
| 300 |
_a152 páginas ; _c19 cm. |
||
| 336 |
_atexto _btxt _2rdacontent |
||
| 337 |
_asin mediación _bn _2rdamedia |
||
| 338 |
_avolumen _bnc _2rdacarrier |
||
| 500 | _aIncluye datos biográficos del autor en la solapa de la cubierta. | ||
| 590 | _aInventariado, 2026 /LP | ||
| 650 | 7 |
_aNovela dominicana _2LEMB _9223 |
|
| 650 | 7 |
_aLiteratura dominicana _2LEMB |
|
| 910 | _aLP/Validado. Control de calidad MFF | ||
| 942 |
_2ddc _cLBS1 |
||
| 999 |
_c60318 _d60318 |
||